Математическое моделирование фрикционного нагрева при вращательном движении; Инженерия для освоения космоса

Dades bibliogràfiques
Parent link:Инженерия для освоения космоса.— 2016.— [С. 99-102]
Autor principal: Ивкина О. П.
Autor corporatiu: Национальный исследовательский Томский политехнический университет (ТПУ) Институт физики высоких технологий (ИФВТ) Кафедра физики высоких технологий в машиностроении (ФВТМ)
Altres autors: Сорокова С. Н. Светлана Николаевна (научный руководитель)
Sumari:Заглавие с экрана
В статье формулируется математическая постановка задачи для случая локального фрикционного нагрева в режиме трения верчения. Осуществляется переход от цилиндрической системы координат к декартовой. Дальнейшее решение задачи осуществляется численными методами.
A mathematical formulation of the problem for the case of the local frictional heating mode rotary frictionwas enunciated. The transportation from the cylindrical coordinate system to Cartesian reference system wasperformed. A further solution of the problem is carried out by numerical methods.
Idioma:rus
Publicat: 2016
Col·lecció:Материалы и технологии в аэрокосмической отрасли
Matèries:
Accés en línia:http://earchive.tpu.ru/handle/11683/23215
Format: MixedMaterials Electrònic Capítol de llibre
KOHA link:https://koha.lib.tpu.ru/cgi-bin/koha/opac-detail.pl?biblionumber=617920

MARC

LEADER 00000naa2a2200000 4500
001 617920
005 20231101133002.0
035 |a (RuTPU)RU\TPU\conf\16281 
035 |a RU\TPU\conf\16280 
090 |a 617920 
100 |a 20160505d2016 k y0rusy50 ca 
101 0 |a rus  |d eng 
102 |a RU 
105 |a y z 101zy 
135 |a drcn ---uucaa 
181 0 |a i  
182 0 |a b 
200 1 |a Математическое моделирование фрикционного нагрева при вращательном движении  |d Mathematic modeling of frictional heating during rotary motion  |f О. П. Ивкина  |g науч. рук. С. Н. Сорокова 
203 |a Текст  |c электронный 
225 1 |a Материалы и технологии в аэрокосмической отрасли 
230 |a 1 компьютерный файл (pdf; 745 Kb) 
300 |a Заглавие с экрана 
320 |a [Библиогр.: с. 102 (6 назв.)] 
330 |a В статье формулируется математическая постановка задачи для случая локального фрикционного нагрева в режиме трения верчения. Осуществляется переход от цилиндрической системы координат к декартовой. Дальнейшее решение задачи осуществляется численными методами. 
330 |a A mathematical formulation of the problem for the case of the local frictional heating mode rotary frictionwas enunciated. The transportation from the cylindrical coordinate system to Cartesian reference system wasperformed. A further solution of the problem is carried out by numerical methods. 
463 0 |0 (RuTPU)RU\TPU\conf\16265  |t Инженерия для освоения космоса  |o сборник научных трудов IV Всероссийского молодежного форума с международным участием, г. Томск, 12-14 апреля 2016 г.  |f Национальный исследовательский Томский политехнический университет (ТПУ)  |v [С. 99-102]  |d 2016 
510 1 |a Mathematic modeling of frictional heating during rotary motion  |z eng 
610 1 |a труды учёных ТПУ 
610 1 |a электронный ресурс 
610 1 |a математическое моделирование 
610 1 |a фрикционные прессы 
610 1 |a цилиндрические системы 
610 1 |a теплопроводность 
610 1 |a температурные поля 
700 1 |a Ивкина  |b О. П. 
702 1 |a Сорокова  |b С. Н.  |c специалист в области информатики и вычислительной техники  |c доцент Томского политехнического университета, программист, кандидат физико-математических наук  |f 1981-  |g Светлана Николаевна  |2 stltpush  |4 727 
712 0 2 |a Национальный исследовательский Томский политехнический университет (ТПУ)  |b Институт физики высоких технологий (ИФВТ)  |b Кафедра физики высоких технологий в машиностроении (ФВТМ)  |h 2087  |2 stltpush  |3 (RuTPU)RU\TPU\col\18687 
801 2 |a RU  |b 63413507  |c 20160513  |g RCR 
856 4 |u http://earchive.tpu.ru/handle/11683/23215 
942 |c BK